| 000 | 01980cam a2200337 a 4500 | ||
|---|---|---|---|
| 001 | 14825492 | ||
| 005 | 20160721135434.0 | ||
| 008 | 070427s2008 nyu |rb 001 0 eng | ||
| 010 | _a 2007017713 | ||
| 015 |
_aGBA708136 _2bnb |
||
| 016 | 7 |
_a013655616 _2Uk |
|
| 020 | _a9780415393690 (pbk. : alk. paper) | ||
| 035 | _a(OCoLC)ocm81452964 | ||
| 035 | _a(OCoLC)81452964 | ||
| 040 |
_aDLC _cDLC _dUKM _dBTCTA _dBAKER _dBWKUK _dBWK _dYDXCP _dOCLCQ _dDLC |
||
| 043 | _ae-uk--- | ||
| 050 | 0 | 0 |
_aKD1641 _b.M87 2008 |
| 082 | 0 | 0 |
_a692.8 _222 _bMUR |
| 100 | 1 |
_aMurdoch, J. R. _912256 |
|
| 245 | 1 | 0 |
_aConstruction Contracts : _bLaw and management / _cJohn Murdoch and Will Hughes. |
| 250 | _a4th ed. | ||
| 260 |
_aLondon ; _aNew York : _bTaylor & Francis, 2008 _c2008. |
||
| 300 |
_axxvi, 401 p. ; _c24 cm. |
||
| 504 | _aIncludes bibliographical references (p. [383]-387) and indexes. | ||
| 505 | 0 | _aUK construction industry context -- Roles and relationships -- General contracting -- Design and build -- Management contracting -- Construction management -- Procurement methods and risk allocation -- Contract choice -- Tendering and contract formation -- Liability in contract and tort -- Contractor's obligations -- Employer's obligations -- Responsibility for design -- Time -- Payment -- Contractors' claims for loss and expense -- Insurance and bonds -- Role of the contract administrator -- Sub-contracts -- Employer-selected sub-contractors -- Financial remedies for breach of contract -- Defective buildings and subsequent owners -- Suspension and termination of contracts -- Non-adversarial dispute resolution -- Adversarial dispute resolution. | |
| 650 | 0 |
_912257 _aConstruction contracts _zGreat Britain |
|
| 700 | 1 |
_aHughes, Will, _cPh. D. _912258 |
|
| 856 | 4 | 1 |
_3Table of contents only _uhttp://www.loc.gov/catdir/toc/ecip0716/2007017713.html |
| 942 |
_2ddc _cNB |
||
| 999 |
_c13583 _d13583 |
||